000 01291nam a2200337Ia 4500
001 ebr10361263
003 CaPaEBR
006 m u
007 cr cn|||||||||
008 090820s2010 njua s 001 0 eng d
020 _z0470540702 (pbk.) :
020 _z9780470540701 (pbk.) :
040 _aCaPaEBR
_cCaPaEBR
035 _a(OCoLC)650516866
050 1 4 _aTK5105.888
_b.D73 2010eb
100 1 _aDuckett, Jon.
245 1 0 _aBeginning HTML, XHTML, CSS, and JavaScript
_h[electronic resource] /
_cJon Duckett.
246 3 _aHTML, XHTML, CSS, and JavaScript
260 _aHoboken, NJ :
_bWiley Publishing,
_cc2010.
300 _axxvi, 834 p. :
_bill.
490 0 _aProgrammer to programmer
500 _aIncludes index.
533 _aElectronic reproduction.
_bPalo Alto, Calif. :
_cebrary,
_d2013.
_nAvailable via World Wide Web.
_nAccess may be limited to ebrary affiliated libraries.
650 0 _aWeb site development.
650 0 _aXHTML (Document markup language)
650 0 _aCascading style sheets.
650 0 _aJavaScript (Computer program language)
655 7 _aElectronic books.
_2local
710 2 _aebrary, Inc.
856 4 0 _uhttp://site.ebrary.com/lib/rucke/Doc?id=10361263
_zAn electronic book accessible through the World Wide Web; click to view
999 _c106203
_d106203